000 00574nam a2200121Ia 4500
008 220615s9999||||xx |||||||||||||| ||und||
100 _aRusinovic, Katja
245 0 _aDynamic Entrepreneurship
_bFirst and Second-Generation Immigrant Entrepreneurs in Dutch Cities
546 _aEnglish[eng]
650 _awetenschap algemeen||popular science
856 _uhttps://library.oapen.org/bitstream/20.500.12657/35208/1/340124.pdf||https://library.oapen.org/bitstream/20.500.12657/35208/1/340124.pdf||https://library.oapen.org/bitstream/20.500.12657/35208/1/340124.pdf
942 _cEB
999 _c10273
_d10273